Evidence of opposition to nuclear power in Europe /

Bibliographic Details
Main Author: Kramer, Donna S.
Corporate Author: Library of Congress. Congressional Research Service
Other Authors: Donnelly, Warren H.
Format: Microform Book
Language:English
Published: [Washington, DC] : Library of Congress, Congressional Research Service, 1978.
Series:Major studies and issue briefs of the Congressional Research Service. Supplement ; 1978-79, reel 7, fr. 0409.
Subjects:

MARC

Tag First Indicator Second Indicator Subfields
LEADER 00000cam a2200000 a 4500
001 in00001369813
005 20151006083851.0
007 hd afa014baca
008 950810s1978 dcu a f000 0 eng d
035 |a (OCoLC)32948622 
035 |9 AHJ5378AM 
040 |a HDB  |c HDB  |d UtOrBLW 
049 |a TXAI 
090 |a JK1108  |b .M35 Suppl. 1978-79 reel 7, fr. 0409 
099 |a film  |a S  |a 1707  |a  1978-79, reel 7, fr. 0409. 
100 1 |a Kramer, Donna S. 
245 1 0 |a Evidence of opposition to nuclear power in Europe /  |c Donna S. Kramer, Research Assistant and Warren H. Donnelly, Senior Specialist, Energy. 
264 1 |a [Washington, DC] :  |b Library of Congress, Congressional Research Service,  |c 1978. 
300 |a 57 pages ;  |c 28 cm. 
336 |a text  |b txt  |2 rdacontent 
337 |a microform  |b h  |2 rdamedia 
338 |a microfilm reel  |b hd  |2 rdacarrier 
500 |a Cover title. 
500 |a "October 16, 1978." 
500 |a "Report Number 78-210 ENR." 
500 |a "QC 170 For. Eur." 
500 |a "Environment and Natural Resources Policy Division." 
504 |a Includes bibliographical references. 
533 |a Microfilm.  |b Arlington, VA :  |c University Publications of America,  |d 1979.  |e on 1 microfilm reel ; 35 mm. Low reduction.  |f (Major studies and issue briefs of the Congressional Research Service. 1978-79 supplement ; reel 7, fr. 0409). 
500 |a Microform. 
650 0 |a Nuclear power plants  |z Europe. 
650 0 |a Nuclear industry  |z Europe. 
700 1 |a Donnelly, Warren H. 
710 2 |a Library of Congress.  |b Congressional Research Service. 
830 0 |a Major studies and issue briefs of the Congressional Research Service.  |p Supplement ;  |v 1978-79, reel 7, fr. 0409. 
999 |a MARS 
999 f f |s 30366c2b-545d-34b1-bff6-9a12fd897a88  |i aea1e349-62e2-3d8d-997e-1a030a6591a1  |t 0 
952 f f |p default  |a Texas A&M University  |b College Station  |c Sterling C. Evans Library  |d Evans: Microforms (3rd floor)  |t 0  |e film S 1707 1978-79, reel 7, fr. 0409.  |h Other scheme  |i microform -- microfilm reel 
998 f f |a film S 1707 1978-79, reel 7, fr. 0409.  |t 0  |l Evans: Microforms (3rd floor)